El Socialismo humanista de George Orwell y la Europa de su tiempo en su obra literaria (1903-1950) / (Record no. 9525)

MARC details
000 -LEADER
campo de control de longitud fija 00858nam a2200217 i 4500
001 - NÚMERO DE CONTROL
campo de control 9525
003 - IDENTIFICADOR DE NÚMERO DE CONTROL
campo de control ES-MaACL
005 - FECHA Y HORA DE LA ÚLTIMA TRANSACCIÓN
campo de control 20250730174140.0
007 - CAMPO FIJO DE DESCRIPCIÓN FÍSICA--INFORMACIÓN GENERAL
campo de control de longitud fija t|
008 - DATOS DE LONGITUD FIJA--INFORMACIÓN GENERAL
campo de control de longitud fija 931007s1992 sp ||||1| spa d
080 ## - NÚMERO DE LA CLASIFICACIÓN DECIMAL UNIVERSAL
Número de la Clasificación Decimal Universal 82(Orwell,G.1.06)
100 1# - ENTRADA PRINCIPAL--NOMBRE DE PERSONA
Nombre de persona Goicoechea Ocerinjauregui, María del Pilar.
9 (RLIN) 57613
245 13 - MENCIÓN DEL TÍTULO
Título El Socialismo humanista de George Orwell y la Europa de su tiempo en su obra literaria (1903-1950) /
Mención de responsabilidad, etc. Tesis realizada por María del Pilar Goicoechea Ocerinjauregui ; dirigida por Mario Hernández Sánchez Barba.
260 ## - PUBLICACIÓN, DISTRIBUCIÓN, ETC.
Lugar de publicación, distribución, etc. Madrid :
Nombre del editor, distribuidor, etc. [s.n.],
Fecha de publicación, distribución, etc. 1992.
300 ## - DESCRIPCIÓN FÍSICA
Extensión 2 v. ;
Dimensiones 30 cm.
502 ## - NOTA DE TESIS
Nota de tesis Tesis Univ. Complutense, Madrid.
600 14 - PUNTO DE ACCESO ADICIONAL DE MATERIA--NOMBRE DE PERSONA
Nombre de persona Orwell, George-
Subdivisión general Crítica e interpretación.
9 (RLIN) 87704
700 1# - ENTRADA AGREGADA--NOMBRE PERSONAL
Nombre de persona Hernández Sánchez-Barba, Mario,
Fechas asociadas al nombre 1925-2021
9 (RLIN) 63053
852 ## - LOCALIZACIÓN
Ubicación ES-MaACL
Número de control de estantería L-16988-9
Sublocalización o colección R.121411
Holdings
Estatus retirado Estado de pérdida Estado de daño No para préstamo Biblioteca de origen Biblioteca actual Ubicación en estantería Fecha de adquisición Fuente de adquisición Total de préstamos Signatura topográfica completa Código de barras Visto por última vez Precio de reemplazo Tipo de ítem Koha
        Biblioteca del Ateneo de Madrid Biblioteca del Ateneo de Madrid Depósito 2 17/01/2008     L-16988-9 1009718 23/02/2023 23/02/2023 Libro impreso